000 00810nam a2200241Ia 4500
003 OSt
005 20220926010005.0
006 a|||||r|||| 00| 0
007 ta
008 220923b |||||||| |||| 00| 0 eng d
020 _a9788189487713
_c637.5
037 _bDU18, 11/03/2011, INDEPENDENT PUBLISHERS GROUP
_cGeneral Book
040 _aRTL
_cRTL
_beng
041 _2eng
_aeng
082 _aX:3M24xM18:g(V2:51), Q1
100 _aPATNAIK Prabhat
_926364
245 0 _aExcursus in history
_b Essays on some ideas of Irfan Habib
260 _a New Delhi
_bTulika Books
_c2011
300 _axvi, 377p
_ccm.
650 _aSociology
942 _hX:3M24xM18:g(V2:51), Q1
_cGB
_2CC
999 _c616020
_d616020